Moderní management : manažer pro 21. století

Guardado en:
Detalles Bibliográficos
Autor principal: Řezáč, Jaromír (Autor)
Formato: Libro
Lenguaje:checo
Publicado: Brno : Computer Press, 2009
Edición:1. vyd.
Materias:
Etiquetas: Agregar Etiqueta
Sin Etiquetas, Sea el primero en etiquetar este registro!

MARC

LEADER 00000nam a22000003a 4500
001 stu205261
005 20210907125418.7
008 100616s2009----xr------------------cze-d
020 |a 978-80-251-1959-4 
040 |a STU  |b slo 
041 0 |a cze 
044 |a xr 
080 |a 65.012.4 
100 1 |a Řezáč, Jaromír  |4 aut 
245 1 |a Moderní management :  |b manažer pro 21. století 
250 |a 1. vyd. 
260 |a Brno :  |b Computer Press,  |c 2009 
300 |a 397 s 
650 7 |a manažment  |2 stusub 
996 |b 284J037481  |c J*112786  |l JJSK  |s A  |a 24  |w stu205261_0001 
996 |b 284M088781  |c M* 14487-1  |l MMST  |s P  |a 0  |w stu205261_0002